000 00755nam a22002417a 4500
005 20260116114657.0
010 _aENG-147501-504
020 _a9789371367752
_c750.00
020 _a9789371368490
_c550.00
020 _a9789371360074
_c920.00
020 _a9789371362009
_c730.00
035 _aEN-131033-036
037 _bDBAD
082 _a000
_21
245 _a13 Years UPSC General Studies Paper 1 to 4
250 _a1
260 _aNoida
_bPearson India Education
_c2026
270 _a15th Floor, Towe-B, World Trade Tower, Plot No.1, Block-C, Sector-16
_bNoida
_e201301
300 _avpp.
_c23cm(pb)
490 _vPaper 1,Paper 2, Paper 3, Paper 4
500 _aPrevious Years Papers (Mains)
942 _2ddc
_cEN
_h000
_mUPS
999 _c214212
_d214212